00533nam a22001697a 450000500170000001000150001702000270003203500140005903700090007308200150008210000210009724500630011825000060018126000320018727001170021930000270033620250923121910.0 aENG-144338 a9788197414206c1295.00 aEN-127870 bDBAD a346.04821 aSreenivasulu N S aInterfaces of Intellectual Property Law/cSreenivasulu N S a1 aHaryanab Lexis Nexisc2025 a14th Floor, Building No. 10, Tower-B, DLF Cyber City, Phase-II, GurgaonbHaryanae122002mhelp.in@lexisnexis.com axliii, 498p.c25cm(hb)